00464nam a2200133Ia 4500008004100000020001800041100001800059245005100077250001700128260002500145300001500170999001900185952012600204171211s9999 xx 000 0 und d a8888816000047 aHall, John E. aGuyton and Hall Textbook of Medical Physiology a13th Edition bElsevier, Inc.c2016 a1145 pages c350907d350907 001040aSSLCbSSLCcSSLCd2017-12-11eLibrary Fundl0oQP 34.5 .H143 2016pSSLC1551r2018-05-15 00:00:00w2017-12-11yBK